Contraexamen de testigos /
Guardado en:
| Autor Principal: | |
|---|---|
| Formato: | Desconocido |
| Idioma: | Spanish |
| Publicado: |
Ciudad Autónoma de Buenos Aires :
Didot,
2015
|
| Edición: | 1a. ed., 2a. reimp. |
| Series: | Litigación y Enjuiciamiento Penal Adversarial
|
| Materias: | |
| Etiquetas: |
Agregar Etiqueta
Sin Etiquetas, Sea el primero en etiquetar este registro!
|
| LEADER | 00556nac a22001695a 4500 | ||
|---|---|---|---|
| 001 | DER.der013370 | ||
| 008 | 180615s2015####ag#||||||||||||||#||spa|| | ||
| 005 | 20230920093303.0 | ||
| 245 | 1 | 0 | |a Contraexamen de testigos / |c Gonzalo Segundo Rúa. |
| 250 | |a 1a. ed., 2a. reimp. | ||
| 260 | |a Ciudad Autónoma de Buenos Aires : |b Didot, |c 2015 | ||
| 300 | |a 200 p. | ||
| 440 | 0 | |a Litigación y Enjuiciamiento Penal Adversarial | |
| 020 | |a 9789873620027 | ||
| 100 | 1 | |a Rúa, Gonzalo Segundo | |
| 650 | 7 | |a LITIGACION PENAL | |
| 859 | |a DERECHO |b BIB. DERECHO |h 345.05 |i RUA |k 1.26 |p 008304 |t 1 | ||
